00919naa a22001817i 45000010005000000030009000050050017000140080041000310400026000720410008000980800007001061000116001132450128002296500027003576500016003847000143004007730194005439268KOSZ 00520180322094007.0160308s2005 ||||| ||||0|| 0 pol  cKOSZ 005/EGaKOSZ 0050 apol a371 aSKRZYPNIAK, Ryszard.d1996 - .bPolitechnika Koszalińska - Wydział Mechaniczny,cKatedra Nauk Pedagogicznych10aWartości w procesie wychowania :bpedagogiczny spór o ideał wychowawczy /cRyszard Skrzypniak, Stanisław Sokołowski. 0aWychowanie w rodzinie. 0aPedagogika.1 aSOKOŁOWSKI, Stanisław.bPolitechnika Koszalińska - Wydział Mechaniczny,cKatedra Zastosowań Elektroniki i Elektrotechnikid1996 - .0 iW:tWartości w pedagogice / red. Waldemar Furmanek. -dRzeszów : Zakład Dydaktyki Techniki i Informatyki Uniwersytet Rzeszowski ; Warszawa : [s.n.], 2005. -gs. 348-360z83-7300-501-3